000 00292nam a22001337a 4500
008 180926b xxu||||| |||| 00| 0 eng d
020 _a9780763746438
041 _aeng
080 _a610.73
100 _a2
101 _aINF
245 _aNurse as Educator
_cBastable, S.B
942 _2udc
_cBK
999 _c48496
_d48496